[Event "ICS rated blitz match"]
[Site "207.99.83.229"]
[Date "1999.07.05"]
[Round "?"]
[White "Hossa"]
[Black "nluis"]
[Result "1-0"]
[WhiteElo "2379"]
[BlackElo "2439"]
[PlyCount "41"]

1. e4 c5 2. Nf3 Nc6 3. d4 cxd4 4. Nxd4 Nf6 5. Nc3 e5 6. Ndb5 d6 7. Nd5 Nxd5 8.
exd5 Ne7 9. Bg5 h6 10. Be3 Nf5 11. Be2 Nxe3 12. fxe3 Qb6 13. Qd3 a6 14. Nc3
Qxb2 15. O-O Qa3 16. Bh5 g6 17. Bxg6 fxg6 18. Qxg6+ Kd7 19. Rf7+ Be7 20. Qe6+
Kc7 21. Qxe7+ {nluis resigns} 1-0

[Event "ICS rated bullet match"]
[Site "207.99.83.229"]
[Date "1999.07.05"]
[Round "?"]
[White "mikle19"]
[Black "Hossa"]
[Result "0-1"]
[WhiteElo "2206"]
[BlackElo "2463"]
[PlyCount "46"]

1. d3 e5 2. h4 Nc6 3. Bd2 Nf6 4. g3 Bc5 5. Bh3 d5 6. Na3 Bxh3 7. Nxh3 Bxa3 8.
bxa3 O-O 9. Kf1 Qd7 10. Ng5 h6 11. Nf3 e4 12. Ng1 exd3 13. exd3 Rfe8 14. Nh3
Re7 15. Nf4 Rae8 16. Kg2 Qf5 17. Qf3 Nd4 18. Qd1 Ne2 19. Nxe2 Rxe2 20. Rf1 c5
21. Rb1 b6 22. Rb3 Qg4 23. Be3 23... R8xe3 {mikle19 resigns} 0-1

[Event "ICS rated standard match"]
[Site "207.99.83.229"]
[Date "1999.07.05"]
[Round "?"]
[White "Hossa"]
[Black "expert101"]
[Result "1/2-1/2"]
[WhiteElo "2328"]
[BlackElo "2157"]
[PlyCount "142"]

1. e4 e6 2. d4 d5 3. Nd2 Nc6 4. Ngf3 Nf6 5. e5 Nd7 6. Bd3 f6 7. O-O fxe5 8.
Nxe5 Ndxe5 9. dxe5 g6 10. Nf3 Bg7 11. Bg5 Qd7 12. c3 O-O 13. Qe2 Qf7 14. h4 Bd7
15. h5 gxh5 16. Qc2 Nxe5 17. Bxh7+ Kh8 18. Nxe5 Bxe5 19. Bg6 Qg7 20. f4 Bf6 21.
Bxf6 Rxf6 22. Bxh5 Rh6 23. Qe2 Rg8 24. Bf3 Qg3 25. Qe5+ Rg7 26. Rfe1 Bb5 27. f5
Qxe5 28. Rxe5 exf5 29. Rxf5 c6 30. Kf2 Bd3 31. Rh5 Rxh5 32. Bxh5 Be4 33. Bf3
Bxf3 34. gxf3 Re7 35. a4 Kg7 36. b4 Kf6 37. Rg1 Kf5 38. Rg8 Ke5 39. Ke3 Kd6+
40. Kd4 Rf7 41. Rg6+ Kc7 42. Ke3 Kb6 43. Rg1 a5 44. Rb1 axb4 45. Rxb4+ Kc5 46.
a5 Kd6 47. Rf4 Re7+ 48. Kd3 Kc5 49. Rb4 Kd6 50. Rb6 Kc5 51. f4 Rh7 52. Rb4 Rh3+
53. Kd2 Rh2+ 54. Kc1 Ra2 55. Rxb7 Rxa5 56. Rb4 Ra2 57. Kd1 Kd6 58. Rb8 Rf2 59.
Rf8 Kc5 60. Rf6 Kb5 61. f5 c5 62. Rd6 Kc4 63. f6 Kxc3 64. Rxd5 Rxf6 65. Rxc5+
Kd3 66. Kc1 Rf2 67. Kb1 Rh2 68. Kc1 Rh4 69. Kb2 Rb4+ 70. Kc1 Rc4+ 71. Rxc4
71... Kxc4 {Game drawn because neither player has mating material} 1/2-1/2

[Event "ICS rated blitz match"]
[Site "207.99.83.229"]
[Date "1999.07.05"]
[Round "?"]
[White "LoadedGun"]
[Black "Hossa"]
[Result "0-1"]
[WhiteElo "2214"]
[BlackElo "2398"]
[PlyCount "96"]

1. e4 e5 2. Nf3 Nc6 3. Bb5 f5 4. Nc3 fxe4 5. Nxe4 Nf6 6. Qe2 Nxe4 7. Qxe4 Be7
8. Nxe5 Nxe5 9. Qxe5 O-O 10. Bc4+ Kh8 11. O-O d6 12. Qa5 Rf5 13. Qc3 d5 14. Bb3
a5 15. Ba4 Bd6 16. g3 Rf8 17. d3 Bh3 18. Rd1 Rf3 19. Be3 c6 20. Kh1 Qd7 21. Qd4
b5 22. Bxb5 cxb5 23. Qxd5 Rff8 24. Bg5 Rac8 25. Be3 Bg4 26. Bf4 Bxf4 27. Qxd7
Bxd7 28. gxf4 Rxc2 29. Rac1 Rxb2 30. f5 Rxa2 31. Rc7 Bxf5 32. Rc5 Bd7 33. f4
Rxf4 34. h3 Rh4 35. Kg1 Bxh3 36. Rxb5 Rg2+ 37. Kf1 Rb2+ 38. Ke1 Rxb5 39. Rc1
Rb2 40. Rd1 Bg4 41. Rd2 Rh1+ 42. Kf2 Rxd2+ 43. Ke3 Rhd1 44. Kf4 h5 45. Kg5 Rf2
46. d4 Rf5+ 47. Kh4 Rg1 48. d5 48... g5# {LoadedGun checkmated} 0-1

[Event "ICS Rated standard match"]
[Site "207.99.83.229"]
[Date "1999.07.05"]
[Round "?"]
[White "Hossa"]
[Black "fishless"]
[Result "1-0"]
[WhiteElo "2321"]
[BlackElo "1963"]
[PlyCount "74"]

1. e4 d5 2. exd5 Nf6 3. d4 Nxd5 4. Nf3 g6 5. c4 Nf6 6. Be2 Bg7 7. O-O O-O 8.
Nc3 Nbd7 9. Bg5 h6 10. Be3 Ng4 11. Qb3 Nxe3 12. fxe3 c5 13. Rad1 cxd4 14. exd4
a6 15. Nd5 e6 16. Nb4 a5 17. Nd3 a4 18. Qa3 Nf6 19. Nde5 Nd7 20. Rf2 Qc7 21.
Qe3 Nxe5 22. Nxe5 b6 23. Rdf1 Bxe5 24. dxe5 Bb7 25. Qf4 Rad8 26. b3 axb3 27.
axb3 Bc6 28. Bg4 Qd7 29. Qxh6 Qe7 30. Kh1 Rd4 31. Qh3 Kg7 32. Bf3 Bxf3 33. Qxf3
Rdd8 34. Qe3 Qc5 35. Qf4 Qe7 36. Rf3 Rh8 37. Qxf7+ 37... Qxf7 {fishless resigns
} 1-0

[Event "ICS Rated blitz match"]
[Site "207.99.83.229"]
[Date "1999.07.05"]
[Round "?"]
[White "Hossa"]
[Black "nluis"]
[Result "0-1"]
[WhiteElo "2406"]
[BlackElo "2420"]
[PlyCount "73"]

1. e4 c5 2. Nf3 Nc6 3. d4 cxd4 4. Nxd4 Nf6 5. Nc3 e5 6. Ndb5 d6 7. Nd5 Nxd5 8.
exd5 Ne7 9. Bg5 a6 10. Nc3 h6 11. Be3 Nf5 12. Bd3 Nxe3 13. fxe3 Be7 14. O-O O-O
15. Rb1 Qb6 16. Qf3 f5 17. Qg3 e4 18. Bc4 Bg5 19. Kh1 Bxe3 20. Qg6 Bd7 21. Nd1
Rf6 22. Qh5 Bg5 23. a3 Rc8 24. Bb3 Bb5 25. Rg1 Re8 26. a4 Bd7 27. Ra1 f4 28.
Nc3 f3 29. gxf3 exf3 30. Raf1 Re5 31. Rg3 Qd4 32. Rgxf3 Bg4 33. Rxf6 Bxf6 34.
Qxe5 Bxe5 35. Kg2 Qe3 36. Bc4 Bh3+ 37. Kh1 {Hossa resigns} 0-1

[Event "ICS rated blitz match"]
[Site "207.99.83.229"]
[Date "1999.07.05"]
[Round "?"]
[White "StarKnight999"]
[Black "Hossa"]
[Result "1-0"]
[WhiteElo "1999"]
[BlackElo "2391"]
[PlyCount "71"]

1. e4 e5 2. Nf3 Nc6 3. Bc4 Nf6 4. Ng5 d5 5. exd5 Nxd5 6. Nxf7 Kxf7 7. Qf3+ Ke6
8. Nc3 Ncb4 9. d4 Nxc2+ 10. Kd1 Ncb4 11. Re1 c6 12. Rxe5+ Kd7 13. Bxd5 cxd5 14.
Bg5 Qb6 15. Qf7+ Kc6 16. Rxd5 Bg4+ 17. f3 Qa6 18. Rb5 Bd6 19. d5+ Nxd5 20.
Qxd5+ Kc7 21. Rc1 Kb8 22. fxg4 Bxh2 23. Rc5 Rf8 24. Kc2 Bg3 25. Kb1 Bh2 26. Nb5
b6 27. Rc7 Bxc7 28. Nxc7 Qd3+ 29. Qxd3 a5 30. Qd5 Ra7 31. Qd6 Rh8 32. Nb5+ Ka8
33. Nxa7 h6 34. Rc7 hxg5 35. Qc6+ Kb8 36. Qb7# {Hossa checkmated} 1-0

[Event "ICS rated blitz match"]
[Site "207.99.83.229"]
[Date "1999.07.05"]
[Round "?"]
[White "Hossa"]
[Black "j724"]
[Result "0-1"]
[WhiteElo "2368"]
[BlackElo "2086"]
[PlyCount "93"]

1. e4 d6 2. d4 Nf6 3. Nc3 c6 4. Nf3 g6 5. Bg5 Bg7 6. Qd2 O-O 7. e5 dxe5 8. Nxe5
Nbd7 9. O-O-O Qa5 10. Re1 Nd5 11. Nxd5 Qxd5 12. c4 Qd6 13. Nxd7 Qxd7 14. Rxe7
Qxd4 15. Qxd4 Bxd4 16. Bh6 Rd8 17. Be2 Bf6 18. Re3 Bf5 19. g4 Be6 20. f4 Bd4
21. Re4 b5 22. Kb1 Bxc4 23. Bxc4 bxc4 24. Bg5 Rd5 25. Bh6 Rb8 26. Rhe1 f5 27.
Re8+ Rxe8 28. Rxe8+ Kf7 29. Rf8+ Ke7 30. Rc8 fxg4 31. Bg5+ Kd7 32. Rf8 Be3 33.
a4 Rd1+ 34. Ka2 Rd2 35. Rf7+ Kd6 36. Re7 Bd4 37. Rxh7 Rxb2+ 38. Ka3 c3 39. Be7+
Ke6 40. Bf8 c2 41. f5+ gxf5 42. Bh6 Rb1 43. a5 c1=Q+ 44. Bxc1 Rxc1 45. Kb4 f4
46. Rh6+ Kd5 47. Rh5+ {Hossa resigns} 0-1

[Event "ICS Rated blitz match"]
[Site "207.99.83.229"]
[Date "1999.07.05"]
[Round "?"]
[White "LoadedGun"]
[Black "Hossa"]
[Result "0-1"]
[WhiteElo "2237"]
[BlackElo "2341"]
[PlyCount "100"]

1. e4 d6 2. d4 Nf6 3. Nc3 c6 4. f4 Qa5 5. Bd3 e5 6. Nf3 exd4 7. Nxd4 Be7 8. O-O
O-O 9. Kh1 Na6 10. Nb3 Qb6 11. f5 Re8 12. Bf4 Nc5 13. Be3 Qc7 14. Qf3 Ncd7 15.
Be2 Ne5 16. Qf4 a5 17. Bd4 a4 18. Nd2 a3 19. b4 Bd7 20. Rab1 b5 21. Rb3 Bd8 22.
Ndb1 Qb7 23. Nxa3 Bb6 24. Bxb6 Qxb6 25. Rd1 Qc7 26. Qd2 Qa7 27. Qxd6 Qf2 28.
Qd4 Qf4 29. h3 Bc8 30. Naxb5 cxb5 31. Rf1 Qg3 32. Nxb5 Qh4 33. Nc7 Nc6 34. Qc5
Bb7 35. Nxe8 Rxe8 36. Qb6 Ba8 37. b5 Ne5 38. Bd3 Bxe4 39. Qf2 Qxh3+ 40. Kg1 Qh5
41. a4 Neg4 42. Qg3 Bb7 43. a5 Bd5 44. c4 Ba8 45. c5 Re5 46. c6 Re3 47. Qd6 Re5
48. Qb8+ Ne8 49. Re1 Qh2+ 50. Kf1 50... Qh1# {LoadedGun checkmated} 0-1

[Event "ICS rated blitz match"]
[Site "207.99.83.229"]
[Date "1999.07.05"]
[Round "?"]
[White "JudgeTurpin"]
[Black "Hossa"]
[Result "1-0"]
[WhiteElo "2435"]
[BlackElo "2352"]
[PlyCount "257"]

1. d4 a6 2. e4 e6 3. Nf3 b5 4. Bd3 c5 5. c3 Bb7 6. O-O Ra7 7. dxc5 Bxc5 8. b4
Bb6 9. a4 d5 10. exd5 Qxd5 11. Bf4 Nc6 12. axb5 axb5 13. Na3 e5 14. Re1 Nge7
15. Bc1 O-O 16. Bxb5 Qe6 17. Bc4 Qg4 18. Ba2 Ra6 19. b5 Ra5 20. bxc6 Bxc6 21.
Qe2 Rc5 22. Bb2 Ng6 23. h3 Qh5 24. Kh2 Nf4 25. Qe3 Nxh3 26. gxh3 Bxf3 27. Nc4
Rxc4 28. Qxb6 Rh4 29. Be6 fxe6 30. Qxe6+ Kh8 31. Rxe5 Rxh3+ 32. Qxh3 Qxe5+ 33.
Kg1 Qg5+ 34. Qg3 Qh5 35. Qh2 Qxh2+ 36. Kxh2 Be4 37. Kg1 Rf4 38. Ra7 Rg4+ 39.
Kf1 h5 40. Ke2 Bd5 41. Ra5 Bc4+ 42. Ke3 Rh4 43. Ba3 Kg8 44. Ra7 Rh3+ 45. Kd4
Be2 46. c4 Rf3 47. Ra8+ Kh7 48. c5 Rxf2 49. c6 Rf7 50. Bd6 Bf3 51. Ra6 g5 52.
c7 Bb7 53. Ra7 Bc8 54. Ra8 Bg4 55. Re8 Rf6 56. Kd5 Rf1 57. Bc5 Rh1 58. Be3 Ra1
59. Kd4 Ra4+ 60. Kc5 Ra2 61. Kb4 Rb2+ 62. Kc3 Rb7 63. c8=Q Bxc8 64. Rxc8 Rb5
65. Rc6 h4 66. Kc4 Ra5 67. Kd4 Rf5 68. Ke4 Rb5 69. Bd2 Kg7 70. Kf3 Rd5 71. Bc3+
Kh7 72. Kg4 h3 73. Kxh3 Rd1 74. Kg4 Rg1+ 75. Kf5 Rg2 76. Rc8 Rf2+ 77. Kxg5 Rg2+
78. Kf4 Rg8 79. Rc6 Rg1 80. Ke4 Rf1 81. Rb6 Rf2 82. Be5 Kg8 83. Rb7 Rf7 84.
Rb8+ Rf8 85. Rb1 Kf7 86. Rb7+ Ke6 87. Rb6+ Kf7 88. Rh6 Ke8 89. Kd5 Kf7 90. Rh7+
Kg6 91. Re7 Rf7 92. Re8 Kf5 93. Bd6 Kf6 94. Ke4 Rd7 95. Be5+ Kf7 96. Rb8 Rd1
97. Kf5 Rf1+ 98. Bf4 Re1 99. Rb7+ Re7 100. Rb6 Kg8 101. Bg5 Rg7 102. Bf6 Rg3
103. Rb8+ Kf7 104. Rb7+ Kg8 105. Ke4 Rg2 106. Rc7 Rg6 107. Bd4 Re6+ 108. Be5
Re8 109. Rb7 Kf8 110. Kd5 Rc8 111. Bd6+ Kg8 112. Ra7 Re8 113. Be5 Kf8 114. Rd7
Kg8 115. Rg7+ Kf8 116. Rh7 Kg8 117. Rc7 Rd8+ 118. Bd6 Re8 119. Bc5 Re2 120. Rb7
Rh2 121. Ke6 Rc2 122. Bd4 Rg2 123. Rb8+ Kh7 124. Rh8+ Kg6 125. Rg8+ Kh6 126.
Rxg2 Kh5 127. Kf5 Kh4 128. Be5 Kh3 129. Rh2# {Hossa checkmated} 1-0

[Event "ICS Rated blitz match"]
[Site "207.99.83.229"]
[Date "1999.07.05"]
[Round "?"]
[White "nluis"]
[Black "Hossa"]
[Result "1-0"]
[WhiteElo "2435"]
[BlackElo "2361"]
[PlyCount "57"]

1. e4 d6 2. d4 Nf6 3. Nc3 c6 4. f4 Qa5 5. Bd3 e5 6. Nf3 exd4 7. Nxd4 Be7 8. O-O
O-O 9. Re1 Qb6 10. Bc4 Ng4 11. h3 Bh4 12. Rf1 Nf6 13. Rf3 d5 14. exd5 cxd5 15.
Bb3 Re8 16. Re3 Ne4 17. Nxe4 Rxe4 18. Bxd5 Rxe3 19. Bxe3 Qxb2 20. Rb1 Qc3 21.
Qd3 Qc7 22. Nb5 Qd7 23. Nd6 Nc6 24. Bxf7+ Kh8 25. Rb5 h6 26. Bb3 a6 27. Rh5 Qc7
28. Qg6 Be6 29. Bxe6 {Hossa resigns} 1-0

[Event "ICS rated bullet match"]
[Site "207.99.83.229"]
[Date "1999.07.05"]
[Round "?"]
[White "Hossa"]
[Black "Masterchess"]
[Result "0-1"]
[WhiteElo "2469"]
[BlackElo "2638"]
[PlyCount "114"]

1. e4 c5 2. Nf3 e6 3. d4 cxd4 4. Nxd4 Nf6 5. Nc3 d6 6. g4 h6 7. h4 Nc6 8. Rg1
h5 9. gxh5 Nxh5 10. Bg5 Nf6 11. Qd2 Qb6 12. Nb3 a6 13. O-O-O Qc7 14. Bxf6 gxf6
15. Bd3 Rxh4 16. Rg8 Ne7 17. Bb5+ Bd7 18. Bxd7+ Kxd7 19. Rxf8 Rxf8 20. Qd3 Rc8
21. Qf3 f5 22. e5 d5 23. Qe2 Qc4 24. Qe3 Qf4 25. Qxf4 Rxf4 26. Rd2 Ng6 27. Re2
Ke7 28. Kb1 Rh8 29. Nd1 Rh1 30. Kc1 Rg4 31. Kd2 Rgg1 32. Nc3 Rf1 33. Ke3 Nxe5
34. Nd2 Rh3+ 35. Kd4 Kd6 36. Re3 Rh4+ 37. Nce4+ fxe4 38. Nxf1 Nc6+ 39. Kc3 d4+
40. Kb3 dxe3 41. fxe3 Rh3 42. Kc3 Rf3 43. Nh2 Rxe3+ 44. Kd2 Rh3 45. Ng4 f5 46.
Ne3 f4 47. Nc4+ Kc5 48. b3 e3+ 49. Kc3 f3 50. b4+ Nxb4 51. Na5 e2 52. Nxb7+ Kb6
53. Kd2 Rh1 54. Ke3 e1=Q+ 55. Kxf3 Rh3+ 56. Kg2 Rg3+ 57. Kh2 57... Qg1# {
Hossa checkmated} 0-1

[Event "ICS Rated blitz match"]
[Site "207.99.83.229"]
[Date "1999.07.05"]
[Round "?"]
[White "Hossa"]
[Black "occam"]
[Result "1-0"]
[WhiteElo "2348"]
[BlackElo "2244"]
[PlyCount "209"]

1. e4 c5 2. Nf3 Nc6 3. d4 cxd4 4. Nxd4 e5 5. Nxc6 bxc6 6. Bc4 Nf6 7. Nc3 Bb4 8.
Bg5 d6 9. O-O h6 10. Bd2 O-O 11. Qf3 Rb8 12. a3 Ba5 13. b4 Bb6 14. Rae1 Bg4 15.
Qg3 Bd4 16. h3 Bc8 17. Na4 d5 18. c3 Nxe4 19. Rxe4 dxe4 20. cxd4 Qd6 21. Qxe5
Qxe5 22. dxe5 Rd8 23. Bf4 Ra8 24. Nc5 g5 25. Be3 Re8 26. f4 exf3 27. Rxf3 Re7
28. Nd3 Be6 29. Bc5 Rd7 30. Ba6 Kg7 31. Rf6 Rad8 32. Nf2 Rd5 33. Rf3 Rxe5 34.
Bxa7 f6 35. Bc5 Rd2 36. Rg3 Bg8 37. Ng4 Re1+ 38. Kh2 f5 39. Be3 Rd7 40. Bc8 Rd5
41. Nf2 Re2 42. Rf3 f4 43. Bb6 Re8 44. Ba6 Rb8 45. Bc5 Rd7 46. Ng4 Rd5 47. Bd3
h5 48. Nf2 Rd7 49. Bf5 Rd2 50. Ne4 Rd5 51. g4 hxg4 52. hxg4 Re8 53. Nxg5 Kf6
54. Nh3 Rd2+ 55. Nf2 Kg5 56. Bd3 Bd5 57. Rh3 Be4 58. Rh5+ Kg6 59. Bxe4+ Rxe4
60. Rf5 Rc4 61. Kg2 Ra2 62. Bd6 Rcc2 63. Rxf4 Rxa3 64. Rf8 Rd2 65. Bc5 Re2 66.
Rg8+ Kf7 67. Rd8 Rb3 68. Rd7+ Kf6 69. Rd6+ Re6 70. Rxe6+ Kxe6 71. Nd1 Ke5 72.
Ne3 Kf4 73. Kh3 Rd3 74. Kh4 Rd2 75. Kh5 Rh2+ 76. Kg6 Re2 77. g5 Rd2 78. Kf6 Ke4
79. Nf5 Ra2 80. g6 Rg2 81. Ne7 Rg3 82. g7 Rf3+ 83. Ke6 Rg3 84. g8=Q Rxg8 85.
Nxg8 Kd3 86. Ne7 Kc4 87. Nxc6 Kd3 88. Ne5+ Kc3 89. b5 Kb3 90. b6 Kc3 91. b7 Kd2
92. b8=Q Kc2 93. Qb1+ Kxb1 94. Kd5 Kc2 95. Kc4 Kd2 96. Ng4 Kd1 97. Kd3 Kc1 98.
Ne3 Kb2 99. Kc4 Kc1 100. Kc3 Kb1 101. Ba3 Ka1 102. Kb3 Kb1 103. Nf1 Ka1 104.
Bb2+ Kb1 105. Nd2# {occam checkmated} 1-0

[Event "ICS Rated standard match"]
[Site "207.99.83.229"]
[Date "1999.07.05"]
[Round "?"]
[White "Secret"]
[Black "Hossa"]
[Result "1-0"]
[WhiteElo "2411"]
[BlackElo "2325"]
[PlyCount "104"]

1. e4 c5 2. Nc3 e6 3. f4 d5 4. Bb5+ Nc6 5. Nf3 Nf6 6. e5 Nd7 7. Bxc6 bxc6 8.
O-O Be7 9. d3 O-O 10. b3 Nb6 11. Ne2 Qe8 12. Be3 Rb8 13. Rc1 f6 14. exf6 Rxf6
15. Ne5 Bb7 16. Kh1 Bd6 17. Qd2 Qe7 18. c3 Rbf8 19. d4 Bxe5 20. dxe5 R6f7 21.
Bg1 Ba6 22. c4 d4 23. Ng3 Bc8 24. Ne4 Rd8 25. Qa5 Qf8 26. g3 Nd7 27. Nd6 Nxe5
28. Nxf7 Nxf7 29. Qxa7 Kh8 30. Rce1 Kg8 31. Qc7 Bd7 32. Qa5 Ra8 33. Qd2 Nd6 34.
Re5 Nf7 35. Re2 Nd6 36. Rfe1 Ra7 37. Kg2 Qa8 38. Rf2 Qf8 39. Re5 Nf7 40. Re4
Nd6 41. Re1 Ra3 42. Qb2 Ra6 43. Qc2 Ne8 44. a4 Nf6 45. Rfe2 Ng4 46. Qd3 Rb6 47.
Qd1 Rb4 48. Rd2 Qf5 49. h3 Nh6 50. Re5 Qf8 51. Rxc5 Qxc5 52. Rxd4 52... Be8 {
Hossa resigns} 1-0

[Event "ICS Rated standard match"]
[Site "207.99.83.229"]
[Date "1999.07.05"]
[Round "?"]
[White "Hossa"]
[Black "Secret"]
[Result "1-0"]
[WhiteElo "2313"]
[BlackElo "2433"]
[PlyCount "141"]

1. e4 e5 2. Nf3 Nf6 3. Nxe5 d6 4. Nf3 Nxe4 5. c4 Be7 6. d4 O-O 7. Bd3 Ng5 8.
Bxg5 Bxg5 9. O-O Bg4 10. Be4 Nc6 11. Qd3 f5 12. Bxc6 bxc6 13. Nc3 Bf6 14. Nd2
Rb8 15. Nb3 Qd7 16. Rae1 f4 17. f3 Be6 18. Re2 Rbe8 19. Ne4 Bf5 20. Qd2 Bxe4
21. fxe4 Qe6 22. Na5 Bg5 23. Qc3 Qg4 24. Rf3 Qd7 25. c5 d5 26. e5 Rb8 27. Qd3
Rb5 28. Qa3 Qe6 29. Nb3 Rb7 30. Qa6 Rfb8 31. Rff2 Qg6 32. e6 Rb4 33. Qxc6 Rf8
34. Qxd5 Re8 35. e7+ Kh8 36. Qd7 c6 37. Na5 Ra4 38. Nxc6 Rxa2 39. Rf1 Bf6 40.
Qd5 Ra6 41. Kh1 h6 42. Ree1 Kh7 43. b4 Bh4 44. Re6 Qd3 45. Rg1 Bf2 46. Rc1 Be3
47. Re1 Bf2 48. Ne5 Qf5 49. Rxa6 Bxe1 50. Qe6 Qxe6 51. Rxe6 Bxb4 52. Nc4 Bc3
53. c6 Bb4 54. c7 h5 55. d5 Bxe7 56. h4 g6 57. Rxe7+ Rxe7 58. c8=Q Re1+ 59. Kh2
f3 60. Qc7+ Kh6 61. Qf4+ Kh7 62. Ne5 Rxe5 63. Qxe5 f2 64. Qe2 f1=Q 65. Qxf1 Kg7
66. d6 g5 67. hxg5 h4 68. Qf6+ Kg8 69. d7 a6 70. Qg6+ Kf8 71. d8=Q# {
Secret checkmated} 1-0

[Event "ICS rated blitz match"]
[Site "207.99.83.229"]
[Date "1999.07.05"]
[Round "?"]
[White "Hossa"]
[Black "SPToth"]
[Result "1-0"]
[WhiteElo "2357"]
[BlackElo "2195"]
[PlyCount "79"]

1. e4 e5 2. Nf3 Nc6 3. d4 exd4 4. Bc4 Be7 5. Nxd4 Nf6 6. Nxc6 dxc6 7. Qxd8+
Bxd8 8. O-O Nd7 9. Bf4 Nb6 10. Be2 Be6 11. Nc3 Rc8 12. Rad1 Bf6 13. e5 Be7 14.
Ne4 h6 15. Be3 Nd7 16. f4 Bf5 17. Bf3 b6 18. Rf2 Nb8 19. Ng3 Bd7 20. Rfd2 g6
21. f5 Bxf5 22. Nxf5 gxf5 23. Bd4 O-O 24. a3 Rcd8 25. c3 c5 26. Be3 Rxd2 27.
Bxd2 Kh7 28. c4 Rd8 29. Kf2 Rd4 30. Be2 Nd7 31. Bc3 Rxd1 32. Bxd1 f6 33. e6 Ne5
34. Be2 Kg6 35. g3 Bd6 36. h3 h5 37. Bd2 Nc6 38. Bf4 Be5 39. Bf3 Nd4 40. Bxh5+
{SPToth resigns} 1-0

[Event "ICS rated standard match"]
[Site "207.99.83.229"]
[Date "1999.07.05"]
[Round "?"]
[White "Youngwife"]
[Black "Hossa"]
[Result "0-1"]
[WhiteElo "2203"]
[BlackElo "2334"]
[PlyCount "158"]

1. e4 e5 2. f4 exf4 3. Nf3 g5 4. h4 g4 5. Ne5 d6 6. Nxg4 h5 7. Nf2 Nc6 8. d4
Bh6 9. Bb5 f3 10. gxf3 Bd7 11. Nc3 Bxc1 12. Rxc1 Nce7 13. Bxd7+ Qxd7 14. Qd2
O-O-O 15. d5 Ng6 16. Nh3 Ne5 17. Ng5 f6 18. f4 fxg5 19. fxe5 gxh4 20. Qd4 Qg7
21. Qxa7 Qxe5 22. Qa8+ Kd7 23. Qxb7 Rf8 24. Qc6+ Kd8 25. Qa8+ Ke7 26. Qa7 Kd7
27. Qa4+ Kd8 28. Ne2 Ne7 29. Qd4 Qg5 30. Rg1 Qh6 31. Rd1 Ng6 32. Qd2 Ne5 33.
Nd4 Qf6 34. Qe2 Nf3+ 35. Nxf3 Qxf3 36. Rd4 Qf4 37. Kd1 Rfg8 38. Rf1 Qg4 39. Ra4
Rh7 40. Ra8+ Kd7 41. Rxg8 Qxg8 42. Qb5+ Kc8 43. Qa5 Qg4+ 44. Kc1 Qg6 45. Rf8+
Kd7 46. Qb5+ Ke7 47. Rf1 Rf7 48. Rxf7+ Qxf7 49. Qc6 Kf6 50. a4 Kg5 51. Qc3 Qf1+
52. Kd2 Qf2+ 53. Kd1 Qg1+ 54. Qe1 Qd4+ 55. Kc1 Qxa4 56. Qg1+ Kh6 57. Qe3+ Kh7
58. Qf4 Qa1+ 59. Kd2 Qg1 60. Qxh4 Kg6 61. c4 Qd4+ 62. Ke1 Qxc4 63. Qg3+ Kh7 64.
Qf3 Qc1+ 65. Kf2 Qxb2+ 66. Kg3 Qe5+ 67. Kh4 Kg6 68. Qg2+ Kf7 69. Qf3+ Qf6+ 70.
Kg3 h4+ 71. Kg4 Qxf3+ 72. Kxf3 Kf6 73. Kf4 h3 74. Kg3 h2 75. Kxh2 Ke5 76. Kg2
Kxe4 77. Kf2 Kxd5 78. Ke3 c6 79. Kd3 79... c5 {Youngwife resigns} 0-1

[Event "ICS Rated standard match"]
[Site "207.99.83.229"]
[Date "1999.07.05"]
[Round "?"]
[White "Hossa"]
[Black "ChessWhiz2"]
[Result "1/2-1/2"]
[WhiteElo "2340"]
[BlackElo "1984"]
[PlyCount "119"]

1. e4 e5 2. Nf3 Nc6 3. Bc4 Bc5 4. c3 Nf6 5. d3 d6 6. O-O O-O 7. a4 d5 8. exd5
Nxd5 9. Bg5 Be7 10. Bxe7 Ndxe7 11. Nbd2 Bg4 12. Qe1 Qd6 13. Ng5 a6 14. f4 exf4
15. Qh4 h5 16. Nde4 Qe5 17. Rae1 Ng6 18. Qf2 Qe7 19. d4 Rae8 20. Nxf7 Na5 21.
Ned6 Nxc4 22. Rxe7 Rxe7 23. Nxc4 Re2 24. Nfe5 Rxf2 25. Rxf2 Nxe5 26. dxe5 g5
27. h3 Be6 28. Nd2 Rf5 29. Re2 g4 30. hxg4 hxg4 31. Re1 Kf8 32. Kf2 Ke7 33. b4
b5 34. axb5 axb5 35. Nb1 g3+ 36. Kg1 f3 37. gxf3 Rxf3 38. Kg2 Bd5 39. Kg1 Ke6
40. Na3 Rf7 41. Re3 g2 42. Re1 Rh7 43. Nc2 Rh1+ 44. Kf2 g1=Q+ 45. Rxg1 Rh2+ 46.
Ke3 Rxc2 47. Kd4 Rd2+ 48. Kc5 Bc4 49. Rg5 Rd5+ 50. Kc6 Rd3 51. Kxc7 Rxc3 52.
Kc6 Be2+ 53. Kb6 Re3 54. Kc6 Rxe5 55. Rg6+ Kf5 56. Rg8 Ke4 57. Rd8 Re6+ 58. Kc5
Re5+ 59. Kc6 Re6+ 60. Kc5 {Game drawn by mutual agreement} 1/2-1/2

[Event "ICS rated standard match"]
[Site "207.99.83.229"]
[Date "1999.07.05"]
[Round "?"]
[White "KillerKen"]
[Black "Hossa"]
[Result "0-1"]
[WhiteElo "2353"]
[BlackElo "2313"]
[PlyCount "34"]

1. e4 e5 2. d4 exd4 3. c3 Qe7 4. cxd4 Qxe4+ 5. Be3 Bb4+ 6. Nd2 Nf6 7. a3 Bxd2+
8. Qxd2 O-O 9. Nf3 Nc6 10. Bd3 Qd5 11. O-O d6 12. h3 Bxh3 13. gxh3 Qxf3 14. Be2
Qxh3 15. Bb5 Qg4+ 16. Kh1 Qh5+ 17. Kg1 17... Qxb5 {KillerKen resigns} 0-1

[Event "ICS rated blitz match"]
[Site "207.99.83.229"]
[Date "1999.07.05"]
[Round "?"]
[White "Hossa"]
[Black "bookbuilder"]
[Result "0-1"]
[WhiteElo "2369"]
[BlackElo "2734"]
[PlyCount "71"]

1. e4 e6 2. d4 d5 3. Nd2 Nf6 4. e5 Nfd7 5. Ngf3 c5 6. Nb3 Nc6 7. dxc5 Bxc5 8.
Nxc5 Nxc5 9. Be2 Qc7 10. Bf4 O-O 11. c4 dxc4 12. O-O Rd8 13. Qc2 b5 14. Rad1
Bb7 15. Ng5 g6 16. Nf3 f6 17. Qc1 fxe5 18. Bg5 Rxd1 19. Rxd1 e4 20. Nd4 Nxd4
21. Rxd4 Qf7 22. Qd2 Nd3 23. Qe3 Nxb2 24. Rd2 Nd3 25. Bf1 b4 26. Bh6 Bd5 27.
Rc2 a5 28. Be2 a4 29. Bd1 b3 30. axb3 cxb3 31. Rd2 b2 32. Rxb2 Nxb2 33. Qd4 a3
34. Bc1 Qg7 35. Qxg7+ Kxg7 36. Be2 {Hossa resigns} 0-1

[Event "ICS rated blitz match"]
[Site "207.99.83.229"]
[Date "1999.07.05"]
[Round "?"]
[White "LoadedGun"]
[Black "Hossa"]
[Result "1-0"]
[WhiteElo "2258"]
[BlackElo "2366"]
[PlyCount "159"]

1. e4 e5 2. Nf3 Nc6 3. Bb5 f5 4. d3 fxe4 5. dxe4 Nf6 6. O-O d6 7. Nc3 Be7 8.
Qd3 Bg4 9. h3 Bxf3 10. Qxf3 O-O 11. Qd1 a6 12. Bc4+ Kh8 13. Be3 Qe8 14. Nd5 Rc8
15. Nxe7 Qxe7 16. f3 Rce8 17. c3 Nh5 18. Qd5 Ng3 19. Rfd1 Ra8 20. Qe6 Qxe6 21.
Bxe6 Rf6 22. Bc4 Raf8 23. Kh2 Rg6 24. a4 Ne7 25. Ra3 a5 26. Rb3 b6 27. Ra3 h6
28. b4 axb4 29. cxb4 Nc6 30. Rb3 Rff6 31. Bb5 Nd4 32. Bxd4 exd4 33. Be8 Rg5 34.
f4 Rxf4 35. Rxg3 Rxg3 36. Kxg3 Rxe4 37. Bc6 Re3+ 38. Kf2 Rc3 39. b5 Rc4 40. Kf3
Rxa4 41. Ke4 g5 42. Kd5 Ra2 43. Kxd4 Kg7 44. Rc1 Rd2+ 45. Ke3 Rb2 46. Bd7 g4
47. Rxc7 Kf8 48. hxg4 Rxg2 49. Rb7 Rg1 50. Rxb6 Ke7 51. Rb7 Kf6 52. Ke4 Rd1 53.
Ra7 d5+ 54. Ke3 d4+ 55. Ke4 d3 56. Ke3 Ke5 57. Ra6 Re1+ 58. Kd2 Rh1 59. Bf5 h5
60. Kxd3 Rg1 61. Rg6 Rb1 62. Re6+ Kf4 63. Re4+ Kg5 64. Kc4 Rc1+ 65. Kd5 h4 66.
b6 Rd1+ 67. Rd4 Rxd4+ 68. Kxd4 h3 69. b7 h2 70. b8=Q h1=Q 71. Qd8+ Kf4 72. Qd6+
Kf3 73. Qd5+ Kf4 74. Qxh1 Kg5 75. Ke4 Kf6 76. Qh4+ Kf7 77. Qd8 Kg7 78. g5 Kf7
79. Bh7 Kg7 80. Qg8# {Hossa checkmated} 1-0

[Event "ICS rated bullet match"]
[Site "207.99.83.229"]
[Date "1999.07.05"]
[Round "?"]
[White "SuperChicken"]
[Black "Hossa"]
[Result "1-0"]
[WhiteElo "2635"]
[BlackElo "2460"]
[PlyCount "147"]

1. e4 e5 2. Nf3 Nf6 3. d4 exd4 4. e5 Ne4 5. Qxd4 d5 6. exd6 Nxd6 7. Nc3 Nc6 8.
Qf4 g6 9. Bd2 Bg7 10. O-O-O O-O 11. Bd3 Be6 12. Rhe1 Re8 13. Ng5 Bxc3 14. Bxc3
Qe7 15. Qh4 h5 16. Bxg6 fxg6 17. Rxe6 Qxe6 18. Nxe6 Rxe6 19. Qf4 Rd8 20. Qh6
Rd7 21. Qh8+ Kf7 22. Qg7+ Ke8 23. Qg8+ Ke7 24. Bd2 Ne4 25. Bb4+ Nd6 26. Bc3 a5
27. Qg7+ Ke8 28. Qh8+ Ke7 29. Bd2 Ne4 30. Qh7+ Ke8 31. Qg8+ Ke7 32. Bb4+ Nd6
33. Bc5 Ne5 34. f4 Rd8 35. Qg7+ Nef7 36. Kb1 b6 37. Bxd6+ Rdxd6 38. Kc1 Rxd1+
39. Kxd1 a4 40. Qc3 c5 41. Qc4 Rd6+ 42. Kc1 a3 43. bxa3 Kf8 44. a4 Rc6 45. Qa6
Nd8 46. a5 bxa5 47. Qxa5 Rc8 48. Qc3 Kf7 49. Qe5 Ne6 50. f5 Ng7 51. Qd5+ Kf8
52. fxg6 Rc7 53. Qd8+ Ne8 54. Qg5 h4 55. Qf4+ Kg7 56. Qe5+ Kf8 57. Qh8+ Ke7 58.
g7 Nf6 59. g8=N+ Nxg8 60. Qxg8 Kd6 61. Qg6+ Kd7 62. Qg7+ Kc6 63. Qf6+ Kb5 64.
c4+ Ka5 65. Qd6 Rh7 66. Qc6 Kb4 67. Kc2 Kxc4 68. Qe4+ Kb5 69. a4+ Ka5 70. Qc6
Rb7 71. Qxb7 Kxa4 72. Kd3 h3 73. Kc4 Ka5 74. Qa7# {Hossa checkmated} 1-0